SEMAFOR '09 - Slovenská ekonomika, mýty a fakty o realite zborník príspevkov z medzinárodnej vedeckej konferencie

Uložené v:
Podrobná bibliografia
Korporácia: SEMAFOR '09. Medzinárodná vedecká konferencia, Ekonomická univerzita v Bratislave. Podnikovohospodárska fakulta so sídlom v Košiciach
Ďalší autori: Mesároš, Peter, Bašistová, Alena, Farkašovská, Mária, Lieskovská, Vanda, 1961-, Mihalčová, Bohuslava, 1963-, Vavrinčík, Pavel
Médium: Kniha
Jazyk:Slovak
Polish
English
Czech
Vydavateľské údaje: Košice Vydavateľstvo EKONÓM 2009
Predmet:
Tagy: Pridať tag
Žiadne tagy, Buďte prvý, kto otaguje tento záznam!

MARC

LEADER 00000nlm$a2200000$$$4500
001 0105581
005 20240502072153.9
020 |a 978-80-225-2841-2 
041 0 |a slo 
041 0 |a pol 
041 0 |a eng 
041 0 |a cze 
044 |a SK 
245 1 0 |a SEMAFOR '09 - Slovenská ekonomika, mýty a fakty o realite  |b zborník príspevkov z medzinárodnej vedeckej konferencie 
264 1 |a Košice  |b Vydavateľstvo EKONÓM  |c 2009 
300 |a CD-ROM 
610 2 0 |a regióny 
610 2 0 |a hospodárstvo regionálne 
610 2 0 |a riadenie podnikové 
610 2 0 |a globalizácia hospodárstva 
610 2 0 |a Slovensko 
610 2 0 |a kríza hospodárska 
610 2 0 |a energetika 
700 1 |a Mesároš, Peter 
700 1 |a Bašistová, Alena 
700 1 |a Farkašovská, Mária 
700 1 |a Lieskovská, Vanda, 1961- 
700 1 |a Mihalčová, Bohuslava, 1963- 
700 1 |a Vavrinčík, Pavel 
110 2 |a SEMAFOR '09. Medzinárodná vedecká konferencia 
710 2 |a Ekonomická univerzita v Bratislave. Podnikovohospodárska fakulta so sídlom v Košiciach